Statistiques concernant Culture Générale - Série 25

Cliquez ici pour prendre le quiz!

Statistiques générales

  • Ce quiz a été pris 2 086 fois
  • Le résultat moyen est 5 sur 10

Statistiques - réponses

QuestionRéponse% Correct
Qui est aujourd'hui, l'homme le plus rapide du monde sur 100 mètres ?Usain Bolt
91%
Après la Russie, quel est le deuxième plus grand pays au monde en superficie ?Canada
90%
Qui a écrit la saga Harry Potter ?J. K. Rowling
87%
Qu'elle est le nom donné à la maladie infectieuse transmise par l'intermédiaire d'une piqûre de tique infectée ?Lyme
59%
Qui a écrit "A la recherche du temps perdu" ?Marcel Proust
46%
Quelle est la préfecture du Tarn ?Albi
36%
Quel ancien haut-fonctionnaire français a été condamné en 1998 pour complicité de crimes contre l'humanité à l'époque du régime de Vichy ?Maurice Papon
25%
Quel nom donne-t-on au bureau du président de l'Assemblée nationale dans l'hémicycle ?Perchoir
24%
Quelle est la capitale française de la coutellerie ?Thiers
21%
Dans quelle série de bande dessinée apparaît le personnage du « méchant » Olrik ?Blake et Mortimer
15%

Distribution des résultats

Percentile par nombre de réponses

% des personnes avec chaque résultat

Votre développement - résultats

Vous n’avez pas pris ce quiz